Lanean...

Encyclopaedia of human races all over the world: vol.2

Xehetasun bibliografikoak
Formatua: Printed Book
Argitaratua: New Delhi Gyan 1997
Gaiak:
LEADER 00457cam a2200133ua 4500
020 |a 81-212-0000-8 
082 |a 305.800 3  |b ENC.2 
245 0 0 |a Encyclopaedia of human races all over the world: vol.2  
260 |a New Delhi  |b Gyan  |c 1997 
300 |a 785-1568p. 
650 0 |a Human races- Encyclopaedias 
942 |c REF 
999 |c 3395  |d 3395 
952 |0 0  |1 0  |4 0  |6 305_800000000000000_3_ENC  |7 0  |9 3547  |a KUCL  |b KUCL  |d 2014-05-23  |l 0  |o 305.800 3 ENC.  |p 06526  |r 2017-03-10  |w 2014-05-23  |y REF